| 000 | 00826cam a2200217 a 4500 | ||
|---|---|---|---|
| 005 | 20140903175025.0 | ||
| 008 | 120118s2012 xxu fr 001 0 eng | ||
| 020 | _a9781589019287 | ||
| 040 |
_aCO-BoUCM _bspa _cJose A. Gerena _dDiana Londoño |
||
| 041 | _aeng | ||
| 245 | 0 | 0 |
_aStrategy in the second nuclear age _bpower, ambition, and the ultimate weapon _ceditado por Toshi Yoshihara, James R. Holmes |
| 260 |
_aWashington, DC _bGeorgetown University press _c2012 |
||
| 300 | _avi, 250 páginas | ||
| 504 | _aIncluye referencias bibliográficas e índices | ||
| 650 | 7 |
_916628 _aGuerra nuclear |
|
| 690 |
_942753 _aCiencia militar |
||
| 700 | 1 |
_aHolmes, James R. _eeditor _955096 |
|
| 700 | 1 |
_aYoshihara, Toshi. _eeditor _955095 |
|
| 942 |
_a6 _cLIBRO _e1 _mS898 _2DEWEY _h355.0217 |
||
| 999 |
_c184526 _d184526 |
||